| 000 | 00836cai a22002175a 4500 | ||
|---|---|---|---|
| 001 | L149091 | ||
| 008 | 100108u xxk g 000 0 eng d | ||
| 035 | _a(Sirsi) u149091 | ||
| 041 | 0 | _aeng | |
| 110 | 2 |
_aGreater London Authority _95818 |
|
| 245 | 0 | 0 |
_aLondon Datastore _h[electronic resource] |
| 520 | _aGreater London Authority online data warehouse with more than 200 data sets detailing life in London including information on planning decisions, house building and house prices. | ||
| 590 | _aKA NTK | ||
| 650 | 2 | 4 | _aGREATER LONDON AUTHORITY |
| 651 | 4 |
_aEngland _y886- |
|
| 690 | _aENVIRONMENTAL AND LAND CONSULTANCY-PLANNING AND DEVELOPMENT | ||
| 690 | _aBUILT ENVIRONMENT | ||
| 690 | _aPROPERTY | ||
| 856 | 4 | 0 |
_uhttps://data.london.gov.uk/ _zView the website free of charge at www.http://data.london.gov.uk... |
| 942 | _n0 | ||
| 999 |
_c120834 _d120834 |
||